| 000 | 01289cam a2200241 4500 | ||
|---|---|---|---|
| 001 | ABS67979 | ||
| 008 | 040728n2004 000 0 eng u | ||
| 035 | _a(Sirsi) u126954 | ||
| 100 | _aBevan, L. | ||
| 245 | _aNew stance on hedge rows | ||
| 260 | _c2004 | ||
| 490 |
_aEstates Gazette _v(0430) 24 July 2004, 103(1) |
||
| 520 | _aThe Anti-Social Behaviour Act 2003 Part VIII is due to come into force later this year. It is hoped that it will provide a new complaints procedure for those adversely affected by high hedges. Under Part 8 of the Act an owner or occupier can make a complaint that the height of a hedge interferes with the reasonable enjoyment of his domestic property whereas before a right to light was associated with a building or window. Sets out the difference between the old regime and new one and outlines the limitations of the new procedure. Concludes that the success of the new system will depend on the speed of the local authority to deal with the complaints. | ||
| 590 | _aABS | ||
| 590 | _aABS | ||
| 650 | _aHIGH HEDGES | ||
| 650 | _aANTI-SOCIAL BEHAVIOUR ACT 2003 PART 8 | ||
| 650 |
_aBoundary disputes _96221 |
||
| 650 | _aRIGHTS TO LIGHT | ||
| 650 | _aREASONABLE ENJOYMENT | ||
| 690 | _aBOUNDARIES, PARTY WALLS AND EASEMENTS | ||
| 942 | _n0 | ||
| 999 |
_c117780 _d117780 |
||